| 000 | 00640nam a2200193Ia 4500 | ||
|---|---|---|---|
| 003 | IN-BaIIA | ||
| 008 | 211028s9999 xx 000 0 eng d | ||
| 020 | _a1-56396-965-3 | ||
| 040 | _cIIA Library | ||
| 080 |
_a524.834 _bPAR |
||
| 245 | 0 |
_aParticle physics and cosmology _cedited by Jose F. Nieves |
|
| 260 |
_aMelville _bAmerican Institute of Physics _c2000 |
||
| 300 | _aviii, 381p. | ||
| 490 | _aAIP conference proceedings; vol. 540 | ||
| 650 | _aCosmology | ||
| 650 |
_aParticle physics _91847 |
||
| 700 |
_aNieves, Jose F., ed. _922640 |
||
| 942 | _cBK | ||
| 999 |
_c14038 _d14038 |
||